000 01474nam a2200409 a 4500
001
003 DO-SdBNP
005 20210506130643.0
008 090713s2019 dr 000 j spa d
020 _a9789945806663
040 _aBPMSU
_bspa
_cBPMSU
082 _222
_aRD863.5
_bR466i 2019
100 1 _aReynoso, Menoscal
245 1 0 _aIntermitencia del pánico :
_bcuentos /
_cMenoscal Reynoso. ; ilustraciones Wilson Morfe
260 _aSanto Domingo :
_bBúho,
_c2019
300 _a141 p. ;
_c23 cm.
500 _aIncluye datos biográficos del autor en la solapa de la cubierta
590 _6Inventariado, 2021/VM
650 4 _aCuentos dominicanso
650 4 _aLiteratura dominicana
700 _aMorfe, Wilson
910 _aValidado. Control de calidad BNPHU
930 1 _lBND01
_mLF1
_hRD863.5
_820091002
_f04
_pHD
930 1 _lBND01
_mLF1
_hRD863.5
_820091002
_f04
_pHD
930 1 _lBND01
_mLF1
_hRD863.5
_820091002
_f04
_pHD
930 1 _lBND01
_mLF1
_hRD863.5
_820090713
_f01
_pHD
930 1 _lBND01
_mLF1
_hRD863.5
_6002344
_820090713
_f01
_pHD
942 _2ddc
_cBK
956 _aDGARCIA
_b10
_c20090713
_lBND01
_h0822
956 _aDGARCIA
_b10
_c20090713
_lBND01
_h0823
956 _aMMOLINA
_b40
_c20090718
_lBND01
_h0850
956 _aMMOLINA
_b40
_c20090718
_lBND01
_h0853
956 _aBATCH
_b00
_c20091013
_lBND01
_h1513
956 _aYPOLANCO
_b04
_c20110621
_lBND01
_h1228
956 _aYPOLANCO
_b04
_c20110621
_lBND01
_h1334
956 _aMMOLINA
_b40
_c20110805
_lBND01
_h1040
999 _c13459
_d13459